Headgear and Hats Picture Quiz - Statistics

General Stats
  • This quiz has been taken 41 times
  • The average score is 15 of 21
Answer Stats
Picture Hint Answer % Correct
Not for the likes of us plebs. Crown
97%
For posh ladies (or beauty pageants). Tiara / Diadem
97%
Tied under the chin. Bonnet
92%
Scary and uncomfortable but at least you can breathe. Gas Mask
92%
These are named after a Moroccan city. Fez
89%
A warm head covering as worn by soldiers (and bank robbers). Balaclava / Ski Mask
83%
As traditionally seen on Pyrenean shepherds. Beret
83%
Those who follow Sikhism wear these. Turban
81%
This might be seen at a wedding. Veil
81%
As worn by 'City Gents'; women of various indigenous South American cultures; Laurel and Hardy; and many others. Bowler / Derby
75%
Here, a space destined example of a general type of protective headgear. Helmet
72%
Help you go faster? Or just keep your hair nice? Swimming Cap / Swim Cap
72%
A barrister wears one as a symbol of their office (not because they're bald). Wig
72%
One of those sub-varieties, as worn by Muslim women. Hijab
69%
As worn by Jewish males. Kippa / Kippah / Skullcap
61%
Many sub-varieties exist. But basically it's a: Headscarf
56%
They really are made of it. I know, right! Bearskin
44%
Favourite of Sherlock Holmes and people sneaking up on antlered animals. Deerstalker
44%
Luton was an industry centre for plaiting these summery straw hats (that you might use on the river). Boater / Straw Boater
42%
Not so broad brimmed as a fedora. Trilby
36%
Yasser Arafat famously wore one. Keffiyeh / Kufiya
11%
No matching quizzes found
Score Distribution
Percent of People with Each Score
Percentile by Number Answered
Your Score History
You have not taken this quiz